Rozvoj poisťovníctva a poistenia ako dôležitého nástroja diverzifikácie rizík podnikateľských subjektov v Slovenskej republike

Poisťovníctvo a jeho úlohy. Poistný trh. Subjekty pôsobiace na poistnom trhu. Charakteristika subjektov poistného trhu. Vybrané ukazovatele poistného trhu. Vývoj poistenia podnikateľských subjektov na poistnom trhu v SR. Charakteristika vybraných poistných produktov poistenia rizík podnikateľských s...

Ausführliche Beschreibung

Gespeichert in:
Bibliographische Detailangaben
1. Verfasser: Kafková, Eva
Format: Buchkapitel
Sprache:Slowakisch
Schlagworte:
Tags: Tag hinzufügen
Keine Tags, Fügen Sie das erste Tag hinzu!

MARC

LEADER 00000nla$a2200000$$$4500
001 0149925
005 20240605071209.0
041 0 |a slo 
044 |a SK 
245 1 0 |a Rozvoj poisťovníctva a poistenia ako dôležitého nástroja diverzifikácie rizík podnikateľských subjektov v Slovenskej republike  |c Eva Kafková 
520 |a Poisťovníctvo a jeho úlohy. Poistný trh. Subjekty pôsobiace na poistnom trhu. Charakteristika subjektov poistného trhu. Vybrané ukazovatele poistného trhu. Vývoj poistenia podnikateľských subjektov na poistnom trhu v SR. Charakteristika vybraných poistných produktov poistenia rizík podnikateľských subjektov. 
610 2 0 |a trh poistný 
610 2 0 |a poisťovne 
610 2 0 |a zaisťovne 
610 2 0 |a poistenie 
610 2 0 |a firmy 
610 2 0 |a investície 
610 2 0 |a riziko poistné 
100 1 |a Kafková, Eva